000 00445nam a2200181Ia 4500
001 13334
005 20260306164753.0
008 260306t2008||||xx |||||||||||||| ||spa||
041 _aESP
082 _a001.42
_bS55
100 _aSilverman, David
_eAUT
245 0 _aDoing qualitative research:
_ba comprehensive guide
260 _c2008
300 _a553 páginas :
_c23 cm.
650 _aGEN
654 _aCHU
942 _cLIB
_dJUS
_fJUS
_2ddc
_n
999 _c13334
_d13334